000 00255nam a2200109Ia 4500
008 190912s9999||||xx |||||||||||||| ||und||
100 _aA. Murat Tekalp
245 0 _aDigital Video Processing
260 _aUSA
_bEducation
_c1995
300 _a526
942 _cBK
999 _c7687
_d7687